| 000 | 00565nam a2200145 a 4500 | ||
|---|---|---|---|
| 001 | 000033917 | ||
| 005 | 20200930070625.0 | ||
| 008 | 110914s2008 pr 000 0 spa d | ||
| 040 |
_aDO-SdBNP _bspa _cBNPHU |
||
| 100 | 1 |
_aDategekwa, Joy _959358 |
|
| 245 | 1 | 0 |
_aLiberalización del comercio de servicios de salud : _bequilibrar los intereses relativos al modo 4 con la obligación de conceder un acceso universal a los servicios básicos / _cJoy Kategekwa. |
| 260 |
_a[Santa Rosa Mall Bayamón] : _bCentro del Sur, _c2008. |
||
| 300 |
_a46 P. ; _c29 cm. |
||
| 049 | _aBNPD | ||
| 999 |
_c33408 _d33408 |
||